KONTROLLING RENDSZEREK KIALAKÍTÁS ÉS ÜZEMELTETÉSE A VÁLLALATI GYAKORLATBAN

Bibliográfiai részletek
Szerző: Bárány Zita
További közreműködők: Ilyés Dr. Csaba
Dokumentumtípus: Diplomadolgozat
Kulcsszavak:kontrolling
Controlling
controlling kialakítás
Online Access:http://dolgozattar.uni-bge.hu/6265

MARC

LEADER 00000nta a2200000 i 4500
001 dolg6265
005 20160513134119.0
008 160513suuuu hu om 000 hun d
040 |a BGE Dolgozattár Repozitórium  |b hun 
041 |a hu 
100 1 |a Bárány Zita 
245 1 0 |a KONTROLLING RENDSZEREK KIALAKÍTÁS ÉS ÜZEMELTETÉSE A VÁLLALATI GYAKORLATBAN  |c Bárány Zita  |h [elektronikus dokumentum] 
695 |a kontrolling 
695 |a Controlling 
695 |a controlling kialakítás 
700 1 |a Ilyés Dr. Csaba  |e ths 
856 4 0 |u http://dolgozattar.uni-bge.hu/6265/1/B%C3%A1r%C3%A1ny%20Zita%20Szakdolgozat%202016.05.13.pdf  |z Dokumentum-elérés